000 02039cam a2200433 a 4500
999 _c10344
_d10344
001 9945656
003 OCoLC
005 20241126110730.0
008 830906s1984 enk b 001 0 eng
010 _a83018957
020 _a0521256585
020 _a9780521256582
020 _a0521347815
020 _a9780521347815
020 _z9780511520501
_q(ebook)
035 _a(OCoLC)09945656
_z(OCoLC)12513053
_z(OCoLC)38962726
_z(OCoLC)1055431957
040 _aDLC
_beng
_cDLC
_dUKM
_dMUQ
_dNLGGC
_dBAKER
_dBTCTA
_dYDXCP
_dAU@
_dSHS
_dGEBAY
_dZWZ
_dGBVCP
_dOCLCO
_dOCLCF
_dCFT
_dSTA
_dTNG
_dOCLCQ
_dPB4
_dDEBBG
_dUEJ
_dDHA
_dNYHOF
_dOCLCQ
_dOCLCO
_dOCLCA
_dOCLCO
_dCNTCS
_dEMRUN
_dOCLCO
_dOCLCL
043 _aa-is---
050 0 0 _aBT590.W6
_bW57 1984
082 0 0 _a220.830542
_a232.904
_219
_bWIT
100 1 _aWitherington, Ben,
_cIII,
_d1951-
_914822
245 1 0 _aWomen in the ministry of Jesus :
_ba study of Jesus' attitudes to women and their roles as reflected in his earthly life /
_cBen Witherington III
260 _aCambridge [Cambridgeshire] ;
_aNew York :
_bCambridge University Press,
_c1984
300 _axi, 221 pages ;
_c23 cm
336 _atext
_btxt
_2rdacontent
337 _aunmediated
_bn
_2rdamedia
338 _avolume
_bnc
_2rdacarrier
490 1 _aMonograph series / Society for New Testament Studies ;
_v51
500 _aRevision of the author's thesis (Ph. D.)--University of Durham, England, 1981
500 _aIncludes indexes
504 _aIncludes bibliographical references (pages 198-211)
505 0 _aWomen and their roles in Palestine -- Women in the teaching of Jesus -- Women and the deeds of Jesus -- Women in the ministry of Jesus -- Conclusions and implications
520 _aRevision of thesis (Ph. D.)--University of Durham, England, 1981. Bibliography: p. 198-211. Includes indexes
600 0 0 _aJesus Christ
_xViews on women
_98854
650 0 _aWomen in the Bible
_91872
650 0 _aWomen
_zPalestine
_917950
830 0 _aMonograph series (Society for New Testament Studies) ;
_v51
_917951
942 _2ddc
_cBK